00527 2200205 4500001002100000005001500021035002000036007000300056008004100059020002200100082001200122084001800134100002100152245002500173260003900198300004300237650001200280650000900292990002000301INLIS00000000000301320260513081127 a0010-0526000104ta260513 f 0 ind  a978-623-8487-40-0 a338.479 a338.479 ROC e1 aRochiyardi, Agus1 aEkonomi Kreatif Desa aYogyakarta :bPenerbit Andi,c2025 axiv + 178 hlm. :bilus. ;c16 x 23 cm. 4aEkonomi 4aDesa a20260515.01.001